[Event "34. Abierto Collado Villalba 2017"]
[Site "Collado Villalba ESP"]
[Date "2017.08.23"]
[Round "2.22"]
[White "Correas Gonzalez, Jose Ramon"]
[Black "Elguezabal Selioutin, Dario"]
[Result "0-1"]
[WhiteElo "2018"]
[BlackElo "1844"]
[PlyCount "62"]
[EventDate "2017.08.22"]
[EventType "swiss"]
[EventRounds "9"]
[EventCountry "ESP"]
[SourceTitle "Ajedrez en Madrid"]
[Source "lmi"]
[SourceDate "2017.08.22"]
[SourceVersion "1"]
[SourceVersionDate "2018.03.05"]
[SourceQuality "1"]

1. d4 d5 2. Bf4 Nf6 3. e3 c5 4. Nd2 Qb6 5. dxc5 Qxb2 6. Ngf3 e6 7. Ne5 Nbd7 8.
Nd3 Qc3 9. Rb1 Be7 10. Rb3 Qa5 11. Be2 O-O 12. O-O a6 13. Bf3 Rd8 14. Qc1 Nxc5
15. Nxc5 Qxc5 16. Qb2 Qa5 17. Be5 Qa4 18. Rd3 Bd7 19. Rd4 Qb5 20. Nb3 Rac8 21.
a4 Qb6 22. Rfd1 Rc4 23. a5 Qc6 24. R1d2 Rc8 25. Rxc4 Qxc4 26. Nd4 Qb4 27. Nb3
Ba4 28. g4 Nxg4 29. Rd1 Bxb3 30. cxb3 Bf6 31. Rc1 Rxc1+ 0-1

[Event "34. Abierto Collado Villalba 2017"]
[Site "Collado Villalba ESP"]
[Date "2017.08.23"]
[Round "2.23"]
[White "Tevar Sanz, Gonzalo"]
[Black "Garcia Galeote, Lorenzo"]
[Result "0-1"]
[WhiteElo "1749"]
[BlackElo "1985"]
[PlyCount "88"]
[EventDate "2017.08.22"]
[EventType "swiss"]
[EventRounds "9"]
[EventCountry "ESP"]
[SourceTitle "Ajedrez en Madrid"]
[Source "lmi"]
[SourceDate "2017.08.22"]
[SourceVersion "1"]
[SourceVersionDate "2018.03.05"]
[SourceQuality "1"]

1. d4 b6 2. e4 Bb7 3. Bd3 Nf6 4. Nc3 e6 5. Nf3 Bb4 6. Qe2 d5 7. e5 Ne4 8. Bd2
Nxd2 9. Nxd2 a5 10. Qg4 g6 11. O-O Ba6 12. Bxa6 Nxa6 13. f4 c5 14. a3 cxd4 15.
axb4 dxc3 16. bxc3 axb4 17. cxb4 O-O 18. f5 exf5 19. Rxf5 Nxb4 20. Rxa8 Qxa8
21. Rf6 Nxc2 22. e6 Qa1+ 23. Rf1 Qd4+ 24. Qxd4 Nxd4 25. e7 Re8 26. Rf6 Rxe7 27.
Kf1 Re6 28. Rf4 Nc2 29. Ra4 b5 30. Ra2 Ne3+ 31. Kf2 Nc4 32. Nf3 Rb6 33. Ra8+
Kg7 34. Rd8 b4 35. Nd4 b3 36. Nxb3 Rxb3 37. Rxd5 Rb2+ 38. Kg3 Rxg2+ 39. Kh3 Re2
40. Rc5 Ne5 41. Ra5 h5 42. Ra6 Ng4 43. Kg3 Rxh2 44. Rb6 Rc2 0-1

[Event "34. Abierto Collado Villalba 2017"]
[Site "Collado Villalba ESP"]
[Date "2017.08.23"]
[Round "2.24"]
[White "Rojas Pozo, Jose Luis"]
[Black "Vega De Alba, Miguel"]
[Result "1-0"]
[WhiteElo "1957"]
[BlackElo "1753"]
[PlyCount "78"]
[EventDate "2017.08.22"]
[EventType "swiss"]
[EventRounds "9"]
[EventCountry "ESP"]
[SourceTitle "Ajedrez en Madrid"]
[Source "lmi"]
[SourceDate "2017.08.22"]
[SourceVersion "1"]
[SourceVersionDate "2018.03.05"]
[SourceQuality "1"]

1. d4 d5 2. c4 e6 3. g3 Nf6 4. Bg2 Bb4+ 5. Bd2 Be7 6. Nf3 O-O 7. Nc3 c6 8. cxd5
exd5 9. Qc2 Bg4 10. h3 Bh5 11. Ne5 Bg6 12. Nxg6 fxg6 13. O-O Qb6 14. Be3 Nbd7
15. Rad1 Bd6 16. Bg5 Rae8 17. a3 a5 18. Bc1 Re6 19. f4 Rfe8 20. e3 Qc7 21. g4
b5 22. g5 b4 23. gxf6 bxc3 24. Qxc3 Nxf6 25. Bd2 Ne4 26. Bxe4 Rxe4 27. Rc1 Rc8
28. Rf3 a4 29. Qa5 Qb7 30. Qxa4 Qxb2 31. Rxc6 Rd8 32. Bc1 Qe2 33. Rf2 Qe1+ 34.
Kg2 h6 35. Qc2 Be7 36. Bd2 Qa1 37. Rxg6 Bh4 38. Qc7 Re7 39. Qxd8+ Kh7 1-0

[Event "34. Abierto Collado Villalba 2017"]
[Site "Collado Villalba ESP"]
[Date "2017.08.23"]
[Round "2.25"]
[White "Rodriguez Yague, Fermin"]
[Black "Andrade Sandoval, Jim Carlos"]
[Result "0-1"]
[WhiteElo "1643"]
[BlackElo "1947"]
[PlyCount "80"]
[EventDate "2017.08.22"]
[EventType "swiss"]
[EventRounds "9"]
[EventCountry "ESP"]
[SourceTitle "Ajedrez en Madrid"]
[Source "lmi"]
[SourceDate "2017.08.22"]
[SourceVersion "1"]
[SourceVersionDate "2018.03.05"]
[SourceQuality "1"]

1. e4 c5 2. Nf3 e6 3. d4 cxd4 4. Nxd4 a6 5. Nc3 Qc7 6. Be2 Nf6 7. O-O Be7 8.
Kh1 d6 9. f4 Nbd7 10. Bf3 O-O 11. g4 Ne8 12. a4 b6 13. Qe2 Bb7 14. g5 Nc5 15.
Rg1 f5 16. gxf6 Bxf6 17. Nb3 Rc8 18. Nxc5 Qxc5 19. Be3 Bd4 20. Bxd4 Qxd4 21.
Rg4 Nf6 22. Rg3 Rc7 23. Qd3 e5 24. f5 Rc4 25. Rag1 Rf7 26. Re1 Rfc7 27. h4 Qf2
28. Reg1 Rd4 29. Qe2 Qxe2 30. Bxe2 Nxe4 31. Nxe4 Rxe4 32. Bf3 Rxh4+ 33. Kg2
Rxc2+ 34. Kf1 Rc1+ 35. Kg2 Bxf3+ 36. Kxf3 Rxg1 37. Rxg1 Rxa4 38. Rd1 Rf4+ 39.
Kg3 Rxf5 40. Rxd6 Rf6 0-1

[Event "34. Abierto Collado Villalba 2017"]
[Site "Collado Villalba ESP"]
[Date "2017.08.24"]
[Round "3.1"]
[White "Moreno Ruiz, Javier"]
[Black "Aranda Marin, Cristian"]
[Result "1/2-1/2"]
[WhiteElo "2460"]
[BlackElo "2263"]
[PlyCount "140"]
[EventDate "2017.08.22"]
[EventType "swiss"]
[EventRounds "9"]
[EventCountry "ESP"]
[SourceTitle "Ajedrez en Madrid"]
[Source "lmi"]
[SourceDate "2017.08.22"]
[SourceVersion "1"]
[SourceVersionDate "2018.03.05"]
[SourceQuality "1"]

1. d4 Nf6 2. c4 e6 3. Nc3 Bb4 4. Qc2 b6 5. e4 c5 6. e5 cxd4 7. a3 Bxc3+ 8. bxc3
Ng8 9. cxd4 Bb7 10. Nf3 Ne7 11. Bd3 Nbc6 12. O-O Rc8 13. Bd2 h6 14. Bc3 O-O 15.
Qe2 Na5 16. Bxa5 bxa5 17. Rab1 Ba8 18. Rfc1 Qc7 19. Be4 Bxe4 20. Qxe4 Rb8 21.
Qc2 Rfc8 22. h4 Nf5 23. h5 Rxb1 24. Qxb1 Rb8 25. Qc2 Qb7 26. d5 Ne7 27. dxe6
dxe6 28. Rd1 Qc7 29. Qd3 Rc8 30. Qd7 Nc6 31. Rd6 Kf8 32. Kh2 a4 33. Kg3 Qxd7
34. Rxd7 a6 35. c5 Ke8 36. Rb7 Nd8 37. Rb4 Rxc5 38. Rxa4 a5 39. Kf4 Nc6 40. g4
Ke7 41. Re4 Rc2 42. Kg3 Rc3 43. a4 Ra3 44. Kg2 Nb4 45. Nd4 Rxa4 46. Nc6+ Kd7
47. Nxa5 Rxa5 48. Rxb4 Rxe5 49. Rb7+ Ke8 50. Kg3 Rd5 51. f3 Rd7 52. Rb8+ Ke7
53. Rb5 Kf6 54. Ra5 Rd6 55. Ra7 e5 56. Rb7 Re6 57. Ra7 Re7 58. Ra6+ Kg5 59. Rb6
g6 60. hxg6 fxg6 61. Rb5 Re6 62. Ra5 Kf6 63. Ra7 h5 64. gxh5 gxh5 65. Kh4 Kf5
66. Ra4 Rd6 67. Kxh5 Rd4 68. Ra8 Kf4 69. Rf8+ Kg3 70. Rf5 Rf4 1/2-1/2

[Event "34. Abierto Collado Villalba 2017"]
[Site "Collado Villalba ESP"]
[Date "2017.08.24"]
[Round "3.2"]
[White "Longa Yauca, Javier"]
[Black "Valles Moreno, Ivan"]
[Result "1-0"]
[WhiteElo "2261"]
[BlackElo "2435"]
[PlyCount "91"]
[EventDate "2017.08.22"]
[EventType "swiss"]
[EventRounds "9"]
[EventCountry "ESP"]
[SourceTitle "Ajedrez en Madrid"]
[Source "lmi"]
[SourceDate "2017.08.22"]
[SourceVersion "1"]
[SourceVersionDate "2018.03.05"]
[SourceQuality "1"]

1. c4 g6 2. Nc3 Bg7 3. g3 d6 4. Bg2 Nf6 5. d3 O-O 6. Bg5 h6 7. Bd2 c6 8. e4 a5
9. Nge2 Na6 10. h3 e5 11. Be3 Rb8 12. Qd2 Kh7 13. d4 exd4 14. Nxd4 Re8 15.
O-O-O a4 16. Rhe1 Qa5 17. Bf4 Re5 18. Kb1 Nd7 19. Bf1 Ra8 20. Bxe5 dxe5 21. Nc2
Nac5 22. f4 exf4 23. gxf4 Nb6 24. Na3 Be6 25. Rc1 Qb4 26. Rc2 Bxc4 27. Bxc4
Nxc4 28. Nxc4 Qxc4 29. e5 a3 30. b3 Qe6 31. Qe3 Bf8 32. Ne2 Qd5 33. f5 gxf5 34.
Nf4 Qe4 35. Qg3 Be7 36. Rxe4 Nxe4 37. Qf3 Rd8 38. Nh5 Kg6 39. Rg2+ Bg5 40. Nf4+
Kh7 41. h4 Rd1+ 42. Kc2 Ra1 43. hxg5 hxg5 44. Qh5+ Kg7 45. Rxg5+ Kf8 46. Rxf5
1-0

[Event "34. Abierto Collado Villalba 2017"]
[Site "Collado Villalba ESP"]
[Date "2017.08.24"]
[Round "3.3"]
[White "Hernando Pertierra, Jose Carlos"]
[Black "Garrido Olivares, Ricard"]
[Result "0-1"]
[WhiteElo "2348"]
[BlackElo "2167"]
[PlyCount "122"]
[EventDate "2017.08.22"]
[EventType "swiss"]
[EventRounds "9"]
[EventCountry "ESP"]
[SourceTitle "Ajedrez en Madrid"]
[Source "lmi"]
[SourceDate "2017.08.22"]
[SourceVersion "1"]
[SourceVersionDate "2018.03.05"]
[SourceQuality "1"]

1. Nf3 d5 2. g3 Bg4 3. Bg2 Nd7 4. c4 e6 5. d4 c6 6. Nbd2 Ngf6 7. O-O Be7 8. h3
Bh5 9. b3 O-O 10. g4 Bg6 11. Nh4 a5 12. Nxg6 hxg6 13. e4 dxe4 14. Nxe4 Nxe4 15.
Bxe4 Qc7 16. Be3 Rfd8 17. Qc2 Nf6 18. Bg2 Rd7 19. g5 Nh5 20. Qe4 Bd6 21. Bf3
Bf4 22. Bxh5 Bxe3 23. Qxe3 gxh5 24. Rad1 g6 25. Rd3 Rad8 26. Rfd1 Qd6 27. Kg2
Qb4 28. a4 b6 29. Qe5 Qe7 30. f4 Rd6 31. Kg3 R8d7 32. Kf3 Qd8 33. Qe4 Qa8 34.
h4 Qd8 35. Ke3 Qc8 36. Qe5 Qd8 37. Qf6 Qa8 38. Qe5 Qd8 39. R1d2 Qc8 40. Ke2 Qd8
41. Qe4 Qa8 42. Kd1 Qd8 43. Kc2 Qa8 44. Kb2 Qd8 45. Qe5 Qa8 46. f5 exf5 47. d5
Qd8 48. Qd4 Re7 49. Re3 Rxe3 50. Qxe3 cxd5 51. Qd4 f6 52. Ka2 fxg5 53. hxg5
Qxg5 54. cxd5 Qf6 55. Qc4 f4 56. Re2 Qf7 57. Re5 f3 58. Re6 f2 59. Rxd6 f1=Q
60. Qc8+ Qf8 61. Rd8 Q1f2+ 0-1

[Event "34. Abierto Collado Villalba 2017"]
[Site "Collado Villalba ESP"]
[Date "2017.08.24"]
[Round "3.4"]
[White "Robles Diaz, Jose Alberto"]
[Black "Cao Armillas, Jesus"]
[Result "0-1"]
[WhiteElo "2088"]
[BlackElo "2204"]
[PlyCount "174"]
[EventDate "2017.08.22"]
[EventType "swiss"]
[EventRounds "9"]
[EventCountry "ESP"]
[SourceTitle "Ajedrez en Madrid"]
[Source "lmi"]
[SourceDate "2017.08.22"]
[SourceVersion "1"]
[SourceVersionDate "2018.03.05"]
[SourceQuality "1"]

1. Nf3 Nf6 2. g3 g6 3. Bg2 Bg7 4. O-O O-O 5. d4 d6 6. c4 Nc6 7. Nc3 a6 8. d5
Na5 9. Nd2 c5 10. Qc2 Rb8 11. Rb1 b5 12. b3 Bh6 13. Nde4 Bxc1 14. Nxf6+ exf6
15. Qxc1 bxc4 16. bxc4 Rxb1 17. Nxb1 Re8 18. e3 Bf5 19. Nd2 Qb6 20. e4 Bd7 21.
Qc2 Rb8 22. Rb1 Qd8 23. Rb2 Qc7 24. Qb1 Rb7 25. Rxb7 Qxb7 26. Qxb7 Nxb7 27. f4
Kf8 28. Kf2 Ke7 29. Ke3 Na5 30. Bf1 h6 31. Be2 Kd8 32. Bd1 Ke7 33. Kd3 Kd8 34.
h4 Ke7 35. Nf1 Nxc4 36. Kc3 Na3 37. Nd2 Nb5+ 38. Kc4 Nd4 39. a4 h5 40. Kd3 Kd8
41. Nc4 Kc7 42. Kc3 Bh3 43. Ne3 Bc8 44. f5 Kd8 45. Ng2 gxf5 46. Bxh5 fxe4 47.
Bd1 Ke7 48. h5 Kf8 49. Ne3 Kg7 50. Nc4 Bd7 51. Nxd6 e3 52. Kd3 e2 53. Bxe2 Bxa4
54. Bg4 Bc2+ 55. Kd2 f5 56. Bd1 Bxd1 57. Kxd1 Kh6 58. Nb7 Kxh5 59. Nxc5 a5 60.
Ke1 Kg4 61. d6 Kxg3 62. d7 Nc6 63. Ke2 Nd8 64. Kf1 Kf3 65. Ke1 Ke3 66. Kf1 f6
67. Na4 Kd4 68. Ke2 Ne6 69. Kd2 Kd5 70. Kd3 Kc6 71. Kc4 f4 72. Nc3 Kxd7 73. Kb5
f3 74. Kxa5 Kd6 75. Kb4 Ke5 76. Nd1 Kd4 77. Kb5 Ng5 78. Kc6 Ne4 79. Kd7 f2 80.
Nxf2 Nxf2 81. Ke6 Ng4 82. Kf5 Ke3 83. Kxg4 Ke4 84. Kg3 f5 85. Kf2 Kf4 86. Kg1
Kf3 87. Kf1 f4 0-1

[Event "34. Abierto Collado Villalba 2017"]
[Site "Collado Villalba ESP"]
[Date "2017.08.24"]
[Round "3.5"]
[White "Martin Duque, Jesus"]
[Black "Arauz Alonso, Fernando"]
[Result "1-0"]
[WhiteElo "2386"]
[BlackElo "2140"]
[PlyCount "95"]
[EventDate "2017.08.22"]
[EventType "swiss"]
[EventRounds "9"]
[EventCountry "ESP"]
[SourceTitle "Ajedrez en Madrid"]
[Source "lmi"]
[SourceDate "2017.08.22"]
[SourceVersion "1"]
[SourceVersionDate "2018.03.05"]
[SourceQuality "1"]

1. e4 c6 2. d4 d5 3. e5 Bf5 4. Nf3 e6 5. Be2 Nd7 6. O-O Bg6 7. Nbd2 Nh6 8. Nb3
Nf5 9. a4 Be7 10. Bd2 O-O 11. a5 f6 12. a6 b6 13. c4 Bh5 14. cxd5 cxd5 15. exf6
Bxf6 16. Bb4 Re8 17. h3 Bxf3 18. Bxf3 Rc8 19. Re1 Rc4 20. Bc3 Qc8 21. Qd3 b5
22. Bxd5 exd5 23. Qxf5 Nb6 24. Rxe8+ Qxe8 25. Re1 Qc8 26. Qh5 g6 27. Qf3 Qf5
28. Qg3 Rc8 29. Nc5 Nc4 30. Nd3 Qg5 31. Qf3 Qf5 32. Nf4 b4 33. g4 Qd7 34. Nxd5
Bh4 35. Bxb4 Qf7 36. Ne7+ Bxe7 37. Qxf7+ Kxf7 38. Rxe7+ Kf6 39. Rxa7 Nxb2 40.
Rxh7 Nd3 41. Be7+ Ke6 42. Bc5 Nxc5 43. dxc5 Rxc5 44. a7 Ra5 45. Kg2 g5 46. Rb7
Kf6 47. Rb6+ Kf7 48. Rb5 1-0

[Event "34. Abierto Collado Villalba 2017"]
[Site "Collado Villalba ESP"]
[Date "2017.08.24"]
[Round "3.6"]
[White "Erice Alonso, Santiago"]
[Black "Pastor Alonso de Prado, Emilio Alberto"]
[Result "1/2-1/2"]
[WhiteElo "1963"]
[BlackElo "2176"]
[PlyCount "141"]
[EventDate "2017.08.22"]
[EventType "swiss"]
[EventRounds "9"]
[EventCountry "ESP"]
[SourceTitle "Ajedrez en Madrid"]
[Source "lmi"]
[SourceDate "2017.08.22"]
[SourceVersion "1"]
[SourceVersionDate "2018.03.05"]
[SourceQuality "1"]

1. e4 b6 2. d4 Bb7 3. Nc3 e6 4. Nf3 Bb4 5. Bd3 Nf6 6. Bg5 h6 7. Bxf6 Qxf6 8.
O-O Bxc3 9. bxc3 O-O 10. Ne5 d6 11. Ng4 Qe7 12. f4 f5 13. exf5 exf5 14. Re1 Qh4
15. Ne3 Qxf4 16. Qh5 Be4 17. Bc4+ Kh7 18. Nd5 Bxd5 19. Bxd5 c6 20. Be6 Na6 21.
Kh1 Qg5 22. Qf3 Nc7 23. Qxc6 Nxe6 24. Rxe6 Rac8 25. Qxd6 Rf7 26. Qd5 Rfc7 27.
Re5 Rxc3 28. Rxf5 Rxc2 29. Raf1 Qg6 30. h4 Qc6 31. a4 Rc1 32. Rxc1 Qxd5 33.
Rxd5 Rxc1+ 34. Kh2 Ra1 35. Rd7 Rxa4 36. Kg3 Kg6 37. d5 h5 38. d6 Kf6 39. Rb7 g6
40. Kh3 Ke6 41. d7 Ke7 42. g3 Ra2 43. Rc7 b5 44. Rb7 a6 45. Rb6 Kxd7 46. Rxg6
Kc7 47. g4 Ra3+ 48. Kg2 hxg4 49. Rxg4 Ra4 50. Rg7+ Kc6 51. Rg6+ Kb7 52. Rg7+
Kb6 53. Rg6+ Ka5 54. Kg3 Ra1 55. h5 Rh1 56. Rg5 Ka4 57. Rg4+ b4 58. Rh4 Rg1+
59. Kf2 Rg8 60. h6 a5 61. h7 Rh8 62. Ke2 Ka3 63. Kd2 Kb2 64. Kd3 b3 65. Kd2
Rxh7 66. Rxh7 a4 67. Kd3 Ka2 68. Rh2+ b2 69. Kc3 a3 70. Kb4 Ka1 71. Rh1+
1/2-1/2

[Event "34. Abierto Collado Villalba 2017"]
[Site "Collado Villalba ESP"]
[Date "2017.08.24"]
[Round "3.7"]
[White "Semprun Martinez, Fernando"]
[Black "Rodrigo Yanguas, Maria"]
[Result "1-0"]
[WhiteElo "2193"]
[BlackElo "2076"]
[PlyCount "132"]
[EventDate "2017.08.22"]
[EventType "swiss"]
[EventRounds "9"]
[EventCountry "ESP"]
[SourceTitle "Ajedrez en Madrid"]
[Source "lmi"]
[SourceDate "2017.08.22"]
[SourceVersion "1"]
[SourceVersionDate "2018.03.05"]
[SourceQuality "1"]

1. e4 e6 2. d4 d5 3. Nd2 Be7 4. Ngf3 Nf6 5. e5 Nfd7 6. Bd3 c5 7. c3 Nc6 8. O-O
a5 9. a4 cxd4 10. cxd4 Nb4 11. Be2 Nb6 12. Nb1 Bd7 13. Nc3 Rc8 14. Bd2 Nc4 15.
b3 Nxd2 16. Qxd2 O-O 17. Rac1 f6 18. Bb5 Bc6 19. Qe2 fxe5 20. Nxe5 Bg5 21. Rcd1
Qe8 22. Qg4 Bf4 23. Nd3 h5 24. Qh3 Qg6 25. Nxf4 Rxf4 26. Be2 h4 27. Bh5 Qf6 28.
Ne2 Re4 29. Bf3 Rf8 30. Bxe4 dxe4 31. Nc3 Qg6 32. Qxh4 Rf5 33. Nxe4 Nd5 34. Qg3
Qh6 35. Qd6 Nf4 36. Ng3 Rd5 37. Qb8+ Kh7 38. f3 e5 39. Rfe1 exd4 40. Re4 Ne6
41. Qc8 Nc5 42. Nf5 Bd7 43. Qxd7 Rxd7 44. Nxh6 Nxe4 45. fxe4 Kxh6 46. Kf2 Kg5
47. Ke2 Kf4 48. Kd3 Ke5 49. Rf1 g6 50. Rf8 Ke6 51. g4 Ke7 52. Rh8 Kf6 53. h4
Kg7 54. Rc8 Kf6 55. Rc5 Rh7 56. h5 gxh5 57. gxh5 b6 58. Rf5+ Ke6 59. Kxd4 Rd7+
60. Rd5 Rh7 61. Kc4 Rc7+ 62. Kb5 Rc3 63. Kxb6 Rxb3+ 64. Kxa5 Re3 65. h6 Rxe4
66. Rh5 Rd4 1-0

[Event "34. Abierto Collado Villalba 2017"]
[Site "Collado Villalba ESP"]
[Date "2017.08.24"]
[Round "3.8"]
[White "Andrade Sandoval, Jim Carlos"]
[Black "Elissalt Cardenas, Hector"]
[Result "1/2-1/2"]
[WhiteElo "1947"]
[BlackElo "2360"]
[PlyCount "129"]
[EventDate "2017.08.22"]
[EventType "swiss"]
[EventRounds "9"]
[EventCountry "ESP"]
[SourceTitle "Ajedrez en Madrid"]
[Source "lmi"]
[SourceDate "2017.08.22"]
[SourceVersion "1"]
[SourceVersionDate "2018.03.05"]
[SourceQuality "1"]

1. d4 Nf6 2. Nf3 d6 3. Bf4 Nbd7 4. e3 c5 5. c3 g6 6. Nbd2 Bg7 7. Qb3 O-O 8. Bc4
b6 9. e4 b5 10. Bxb5 Rb8 11. Qc4 Qb6 12. Bxd7 Bxd7 13. Qb3 cxd4 14. cxd4 Qc6
15. Qd3 Rxb2 16. O-O Qa4 17. Qc3 Rfb8 18. Rfc1 h6 19. h3 g5 20. Be3 Rxa2 21.
Rxa2 Qxa2 22. Ra1 Nxe4 23. Rxa2 Nxc3 24. Rxa7 Rd8 25. Nb3 Nd5 26. Na5 Be6 27.
Nc6 Re8 28. Ne1 f5 29. Nd3 f4 30. Bd2 Kf8 31. Ndb4 Nxb4 32. Bxb4 Bf6 33. Ra5 h5
34. h4 gxh4 35. Rxh5 Bg4 36. Ra5 f3 37. Bd2 Kf7 38. Bg5 Rg8 39. Bxf6 Kxf6 40.
Nb4 Be6 41. g3 Rg4 42. Nc6 hxg3 43. fxg3 Rxg3+ 44. Kf2 Rh3 45. Nb4 Rh4 46. Nc6
Bd7 47. Nb8 Be8 48. Ke3 f2 49. Ra1 Bb5 50. Kxf2 Rxd4 51. Ra5 Rb4 52. Ke3 e5 53.
Kd2 Ke6 54. Kc3 Rc4+ 55. Kb3 Rc5 56. Kb4 e4 57. Rxb5 Rxb5+ 58. Kxb5 e3 59. Nc6
Kd5 60. Nb4+ Ke4 61. Kc4 e2 62. Nd3 Ke3 63. Ne1 Kd2 64. Ng2 e1=Q 65. Nxe1
1/2-1/2

[Event "34. Abierto Collado Villalba 2017"]
[Site "Collado Villalba ESP"]
[Date "2017.08.24"]
[Round "3.9"]
[White "Veganzones Rojo, David"]
[Black "Vaquerizo Calvo, Miguel Arturo"]
[Result "1/2-1/2"]
[WhiteElo "2149"]
[BlackElo "1910"]
[PlyCount "90"]
[EventDate "2017.08.22"]
[EventType "swiss"]
[EventRounds "9"]
[EventCountry "ESP"]
[SourceTitle "Ajedrez en Madrid"]
[Source "lmi"]
[SourceDate "2017.08.22"]
[SourceVersion "1"]
[SourceVersionDate "2018.03.05"]
[SourceQuality "1"]

1. e4 e5 2. Nf3 Nc6 3. Bc4 Nf6 4. d3 d5 5. exd5 Nxd5 6. O-O Bc5 7. Re1 O-O 8.
c3 Bg4 9. h3 Bh5 10. Nbd2 Nb6 11. Bb5 f6 12. Ne4 Bd6 13. Ng3 Be8 14. d4 a6 15.
dxe5 Nxe5 16. Be2 Nxf3+ 17. Bxf3 Bxg3 18. fxg3 Qxd1 19. Rxd1 c6 20. b3 Bg6 21.
Be3 Nd5 22. Bd4 Rfe8 23. Kf2 Rad8 24. Re1 Kf7 25. Rxe8 Rxe8 26. Rd1 Bf5 27. g4
Bg6 28. g3 h6 29. Rd2 Rd8 30. Bc5 Rd7 31. Rd4 Ke8 32. Bxd5 Rxd5 33. Rxd5 cxd5
34. h4 Bb1 35. a3 Ba2 36. b4 Kf7 37. h5 Bc4 38. Ke3 Ke6 39. Kf4 Be2 40. a4 Bd1
41. a5 Be2 42. Bf8 Kf7 43. Bd6 Ke6 44. Bc7 Bd1 45. Bb6 Be2 1/2-1/2

[Event "34. Abierto Collado Villalba 2017"]
[Site "Collado Villalba ESP"]
[Date "2017.08.24"]
[Round "3.10"]
[White "Perez Ordoñez, Jose Ramon"]
[Black "Andrade Sandoval, Bianca"]
[Result "1-0"]
[WhiteElo "2120"]
[BlackElo "1880"]
[PlyCount "97"]
[EventDate "2017.08.22"]
[EventType "swiss"]
[EventRounds "9"]
[EventCountry "ESP"]
[SourceTitle "Ajedrez en Madrid"]
[Source "lmi"]
[SourceDate "2017.08.22"]
[SourceVersion "1"]
[SourceVersionDate "2018.03.05"]
[SourceQuality "1"]

1. Nf3 Nf6 2. c4 e6 3. g3 d5 4. b3 c6 5. Bg2 Be7 6. O-O Nbd7 7. d4 O-O 8. Qc2
Ne4 9. Rd1 f5 10. Nc3 g5 11. e3 h5 12. Ne5 Bb4 13. Ne2 Qf6 14. f3 Nd6 15. Nxd7
Bxd7 16. c5 Ne8 17. Bd2 Bxd2 18. Qxd2 Qg6 19. Kf2 Nf6 20. Rh1 Rae8 21. f4 Rf7
22. Ke1 Rh7 23. Kd1 h4 24. gxh4 Rxh4 25. Kc2 Kf7 26. Kb2 Rg8 27. Rag1 Qh6 28.
h3 g4 29. hxg4 Rgxg4 30. Bf3 Rxh1 31. Rxh1 Rh4 32. Rf1 Rh2 33. Ka3 Qh3 34. Qe1
Ng4 35. Bxg4 Qxg4 36. Nc1 Qg2 37. Kb4 Qb2 38. a4 b6 39. cxb6 axb6 40. Nd3 Qc2
41. Qc3 Qxc3+ 42. Kxc3 Rh3 43. Re1 Ke7 44. b4 Kd6 45. a5 bxa5 46. bxa5 Rh8 47.
Nc5 Ra8 48. Rh1 Be8 49. Rh7 1-0

[Event "34. Abierto Collado Villalba 2017"]
[Site "Collado Villalba ESP"]
[Date "2017.08.24"]
[Round "3.11"]
[White "Aziz Ortego, Omar Luis"]
[Black "Fernandez Garcia, Ignacio"]
[Result "1-0"]
[WhiteElo "2069"]
[BlackElo "1876"]
[PlyCount "83"]
[EventDate "2017.08.22"]
[EventType "swiss"]
[EventRounds "9"]
[EventCountry "ESP"]
[SourceTitle "Ajedrez en Madrid"]
[Source "lmi"]
[SourceDate "2017.08.22"]
[SourceVersion "1"]
[SourceVersionDate "2018.03.05"]
[SourceQuality "1"]

1. e4 e5 2. Nc3 Nc6 3. f4 d6 4. Bc4 Be6 5. Be2 Nf6 6. f5 Bd7 7. Bc4 Na5 8. Be2
d5 9. d3 dxe4 10. dxe4 Bb4 11. Bg5 Qe7 12. Bd3 h6 13. Bh4 Qc5 14. Nge2 O-O-O
15. a3 Bxc3+ 16. Nxc3 Qb6 17. b4 Qd4 18. Ne2 Qb6 19. bxa5 Qxa5+ 20. Qd2 Qc5 21.
Qc3 Qd6 22. O-O Bc6 23. Ng3 Rd7 24. Qb4 Ne8 25. Ne2 g5 26. Bf2 Qf6 27. a4 Nd6
28. Nc3 g4 29. Rab1 h5 30. a5 h4 31. Bxa7 Qg5 32. Rfe1 Kd8 33. Be3 Qg7 34. Qc5
f6 35. a6 Nxf5 36. exf5 Rxd3 37. cxd3 Kd7 38. axb7 Rb8 39. Nd5 Qf7 40. Nxc7
Kxc7 41. Rec1 Qe8 42. Rb6 1-0

[Event "34. Abierto Collado Villalba 2017"]
[Site "Collado Villalba ESP"]
[Date "2017.08.24"]
[Round "3.12"]
[White "Villacorta Nicolas, David"]
[Black "Perez Vazquez, Manuel"]
[Result "1-0"]
[WhiteElo "2048"]
[BlackElo "1856"]
[PlyCount "113"]
[EventDate "2017.08.22"]
[EventType "swiss"]
[EventRounds "9"]
[EventCountry "ESP"]
[SourceTitle "Ajedrez en Madrid"]
[Source "lmi"]
[SourceDate "2017.08.22"]
[SourceVersion "1"]
[SourceVersionDate "2018.03.05"]
[SourceQuality "1"]

1. e4 d6 2. d4 Nf6 3. Nc3 g6 4. Bg5 Bg7 5. e5 dxe5 6. dxe5 Ng4 7. Qxd8+ Kxd8 8.
Rd1+ Bd7 9. e6 Bxc3+ 10. bxc3 fxe6 11. Nf3 Nc6 12. Bc4 Ke8 13. O-O Nge5 14.
Nxe5 Nxe5 15. Bb3 Nf7 16. Bf4 Nd6 17. Rfe1 Kf7 18. c4 c5 19. Re3 a5 20. c3 Ra6
21. Red3 a4 22. Bc2 a3 23. Rb1 Bc6 24. Bxd6 exd6 25. Rxd6 Ke7 26. Rdd1 Rd8 27.
Rxd8 Kxd8 28. f3 Ke7 29. Kf2 Kd6 30. Ke3 Ra8 31. h4 Rf8 32. Rh1 Rf7 33. Be4 b5
34. Rd1+ Kc7 35. cxb5 Bxb5 36. Rb1 Bc6 37. Rb3 Bd5 38. Rxa3 Kb6 39. Bd3 c4 40.
Be4 Rd7 41. Ra4 Bxe4 42. Kxe4 Kb5 43. Rb4+ Kc5 44. Rb2 Rd3 45. Rc2 Rd1 46. Ke5
Rh1 47. Kxe6 Rxh4 48. a3 Rh1 49. Ra2 Kb6 50. a4 Ka6 51. Kd5 Rh4 52. Kc5 Rf4 53.
Kb4 h5 54. Rd2 g5 55. Rd6+ Ka7 56. Rd4 Rf5 57. Rxc4 1-0

[Event "34. Abierto Collado Villalba 2017"]
[Site "Collado Villalba ESP"]
[Date "2017.08.24"]
[Round "3.13"]
[White "Elguezabal Selioutin, Dario"]
[Black "Unciti Juan, Javier"]
[Result "0-1"]
[WhiteElo "1844"]
[BlackElo "2040"]
[PlyCount "70"]
[EventDate "2017.08.22"]
[EventType "swiss"]
[EventRounds "9"]
[EventCountry "ESP"]
[SourceTitle "Ajedrez en Madrid"]
[Source "lmi"]
[SourceDate "2017.08.22"]
[SourceVersion "1"]
[SourceVersionDate "2018.03.05"]
[SourceQuality "1"]

1. d4 f5 2. g3 Nf6 3. Bg2 g6 4. c3 Bg7 5. Qb3 Nc6 6. Nd2 e6 7. Nh3 d5 8. Nf3
Ne4 9. O-O O-O 10. Nf4 g5 11. Nd3 g4 12. Nfe5 Nxe5 13. Nxe5 h5 14. Bf4 b6 15.
a4 c5 16. a5 Bxe5 17. dxe5 Ba6 18. axb6 axb6 19. Rfe1 b5 20. f3 Ng5 21. Bxg5
Qxg5 22. f4 Qd8 23. Red1 Qb6 24. Qc2 Bb7 25. Qd2 Rxa1 26. Rxa1 Rd8 27. e3 Kf7
28. b4 Rc8 29. Ra5 Ra8 30. Rxa8 Bxa8 31. Qa2 Bb7 32. Qa3 cxb4 33. cxb4 Qc7 34.
Bf1 Qc6 35. Be2 d4 0-1